000
00474nam a2200181Ia 4500
008
090124s9999 xx 000 0 und d
082
_b
125161
100
_a
पाटील देवदत्त
245
_a
व्याध
250
_a
1
260
_c
1992
300
_a
364
600
_a
पाटील देवदत्त
630
_a
व्याध
700
_a
पाटील देवदत्त
730
_a
व्याध
942
_c
BOOK
999
_c
171249
_d
171249